Write from the start
Zapisane w:
| 1. autor: | |
|---|---|
| Format: | Książka |
| Język: | Undetermined |
| Wydane: |
Boston, MA
Heinle & Heinle
1994
|
| Hasła przedmiotowe: | |
| Etykiety: |
Dodaj etykietę
Nie ma etykietki, Dołącz pierwszą etykiete!
|
| Thư viện lưu trữ: | Trung tâm Học liệu Trường Đại học Cần Thơ |
|---|
| LEADER | 00615nam a2200205Ia 4500 | ||
|---|---|---|---|
| 001 | CTU_128032 | ||
| 008 | 210402s9999 xx 000 0 und d | ||
| 020 | |c 987000 | ||
| 082 | |a 808.042 | ||
| 082 | |b D252 | ||
| 100 | |a Davidson, David M. | ||
| 245 | 0 | |a Write from the start | |
| 245 | 0 | |c David M. Davidson and David Blot | |
| 260 | |a Boston, MA | ||
| 260 | |b Heinle & Heinle | ||
| 260 | |c 1994 | ||
| 650 | |a English language,English language,Report writing | ||
| 650 | |x Textbooks for foreign speakers.,Composition and exercises. | ||
| 904 | |i Minh | ||
| 980 | |a Trung tâm Học liệu Trường Đại học Cần Thơ | ||